00652nam a22002057a 450000500170000001000130001702000100003003500130004003700160005304000120006908200170008110000180009824501130011626000450022927000500027430000250032450000190034965000330036865000450040120170124110157.0 aA-904926 c00.00 aA-904926 bCen Lib/Ret aDPLbEN a025.523bRAI aRaina, Roshan aLibrary resource sharing and networking : cby Roshan Rainaban approach among management schools in India / aNew Delhi bVikas Publishing Housec1997 bNew Delhi e110014a576 Masjid Road, Jangpura axxi,192p. c22cm(Hb) aIncludes index aLibrary cooperation -- India aLibrary information networks -- Indiav